A daganatos betegek fizioterápiája gyakorlati ajánlás háziorvosoknak /

Elmentve itt :
Bibliográfiai részletek
Szerzők: Péntek Irén
Bender Tamás
Szekanecz Éva
Gomez Izabella Ilona
Maráz Anikó
Dank Magdolna
Szekanecz Zoltán
Dokumentumtípus: Cikk
Megjelent: 2025
Sorozat:HÁZIORVOS TOVÁBBKÉPZŐ SZEMLE 30 No. 4
Tárgyszavak:
mtmt:35719653
Online Access:http://publicatio.bibl.u-szeged.hu/40263
LEADER 00890nab a2200265 i 4500
001 publ40263
005 20260529150116.0
008 260529s2025 hu o 000 hun d
022 |a 1219-8641 
024 7 |a 35719653  |2 mtmt 
040 |a SZTE Publicatio Repozitórium  |b hun 
041 |a hun 
100 1 |a Péntek Irén 
245 1 2 |a A daganatos betegek fizioterápiája   |h [elektronikus dokumentum] :  |b gyakorlati ajánlás háziorvosoknak /  |c  Péntek Irén 
260 |c 2025 
300 |a 281-286 
490 0 |a HÁZIORVOS TOVÁBBKÉPZŐ SZEMLE  |v 30 No. 4 
650 4 |a Klinikai orvostan 
700 0 1 |a Bender Tamás  |e aut 
700 0 1 |a Szekanecz Éva  |e aut 
700 0 1 |a Gomez Izabella Ilona  |e aut 
700 0 1 |a Maráz Anikó  |e aut 
700 0 1 |a Dank Magdolna  |e aut 
700 0 1 |a Szekanecz Zoltán  |e aut 
856 4 0 |u http://publicatio.bibl.u-szeged.hu/40263/1/haziorvos_281-286.pdf  |z Dokumentum-elérés